000 00326nam a22001337a 4500
008 171004b xxu||||| |||| 00| 0 eng d
020 _a0397508107
041 _aeng
080 _a159.9
100 _a48
101 _aPSI
245 _aPSYCHIATRY THE PERSONALITEY DISORDERS AND NEUROSES
_cCOOPER.A.M
942 _2udc
_cBK
999 _c31758
_d31758